[Event "81st ch-ESP Rapid 2016"]
[Site "Linares ESP"]
[Date "2016.08.14"]
[Round "3.7"]
[White "Rodriguez Guerrero, Enrique"]
[Black "Ibarra Jerez, Jose Carlos"]
[Result "0-1"]
[BlackTitle "GM"]
[WhiteElo "2426"]
[BlackElo "2563"]
[WhiteFideId "2216892"]
[BlackFideId "2226332"]
[EventDate "2016.08.14"]

1. e4 e5 2. Bc4 Nf6 3. d3 c6 4. Nf3 Be7 5. Nc3 O-O 6. O-O b5 7. Bb3 d6 8. a4 b4
9. Ne2 Na6 10. c3 bxc3 11. bxc3 Nc5 12. Bc2 Ba6 13. Ng3 g6 14. Re1 Nfd7 15. a5
Ne6 16. d4 Re8 17. Ba4 Qc7 18. h4 Bf8 19. Ng5 Nxg5 20. hxg5 Bg7 21. Be3 Bc4 22.
Bb3 Bxb3 23. Qxb3 exd4 24. cxd4 c5 25. Qd5 cxd4 26. Bxd4 Bxd4 27. Qxd4 Nc5 28.
Re3 Ne6 29. Qf6 Qd8 30. Rd1 Qxa5 31. Rxd6 Rad8 32. Rf3 Nxg5 33. Rf5 Rxd6 34.
Qxg5 Rd1+ 35. Kh2 Qd8 36. Qg4 Qd7 37. Nh5 Rd6 38. Qg5 Rxe4 39. Rf6 Rg4 40. Rxd6
Qxd6+ 0-1

[Event "81st ch-ESP Rapid 2016"]
[Site "Linares ESP"]
[Date "2016.08.14"]
[Round "3.8"]
[White "Del Rio De Angelis, Salvador G."]
[Black "Alvarado Diaz, Alejandro"]
[Result "1/2-1/2"]
[WhiteTitle "GM"]
[BlackTitle "IM"]
[WhiteElo "2522"]
[BlackElo "2441"]
[WhiteFideId "2203138"]
[BlackFideId "2276119"]
[EventDate "2016.08.14"]

1. d4 Nf6 2. c4 c5 3. d5 b5 4. Nf3 g6 5. cxb5 a6 6. e3 axb5 7. Bxb5 Ba6 8. Nc3
Bxb5 9. Nxb5 Qa5+ 10. Nc3 Qa6 11. Qe2 Bg7 12. Qxa6 Nxa6 13. Ke2 O-O 14. Rd1 Rfb8
15. Rb1 Ne8 16. Bd2 Nac7 17. a4 Rb3 18. Kd3 Nxd5 19. Kc2 Nxc3 20. Bxc3 Rb7 21.
b3 d6 22. e4 Nc7 23. e5 d5 24. b4 cxb4 25. Rxb4 Rxb4 26. Bxb4 Rxa4 27. Kb3 Ra7
28. Bxe7 Ne6 29. Bd6 Rb7+ 30. Kc2 Rb5 31. Ra1 Bf8 32. Ra8 h6 33. Bxf8 Nxf8 34.
Nd4 Rb4 35. Kc3 Rc4+ 36. Kd3 Kg7 37. Ra7 Kg8 38. Ra5 Rc1 39. Rxd5 Rg1 40. g3 Rg2
41. Ke3 Rxh2 42. Rd8 Rh1 43. f4 Kg7 44. g4 Re1+ 45. Kf2 Re4 46. Kf3 Re1 47. f5
Rxe5 48. f6+ Kxf6 49. Rxf8 h5 50. gxh5 Rxh5 51. Ne2 Ra5 52. Rb8 Ra3+ 53. Ke4
Ra4+ 54. Nd4 Ra1 55. Rb6+ Kg7 56. Kd3 1/2-1/2

[Event "81st ch-ESP Rapid 2016"]
[Site "Linares ESP"]
[Date "2016.08.14"]
[Round "3.9"]
[White "Matamoros Franco, Carlos S."]
[Black "Martinez Reyes, Pedro Ramon"]
[Result "1-0"]
[WhiteTitle "GM"]
[BlackTitle "FM"]
[WhiteElo "2488"]
[BlackElo "2365"]
[WhiteFideId "3600017"]
[BlackFideId "3901807"]
[EventDate "2016.08.14"]

1. c4 e6 2. g3 d5 3. Bg2 Nf6 4. Nf3 Be7 5. O-O O-O 6. d4 dxc4 7. Qc2 a6 8. a4
Bd7 9. Qxc4 Bc6 10. Bf4 a5 11. Nc3 Na6 12. Rac1 Bxf3 13. Bxf3 c6 14. e4 Rc8 15.
Rfd1 Nb4 16. Qe2 Qb6 17. Be3 Qd8 18. Bg2 Qd7 19. h3 Rfd8 20. g4 Qe8 21. g5 Nd7
22. f4 Bf8 23. h4 c5 24. d5 c4 25. e5 Nd3 26. d6 Nxc1 27. Rxc1 f6 28. Bd4 Nc5
29. Bxc5 Rxc5 30. gxf6 Kh8 31. Ne4 Rcc8 32. Rxc4 Rxc4 33. Qxc4 Rc8 34. Qd3 Qh5
35. Qg3 Qd1+ 36. Kh2 Qxa4 37. Ng5 Qd7 38. Qb3 gxf6 39. Qxe6 Qxe6 40. Nxe6 fxe5
41. d7 Rb8 42. d8=Q Rxd8 43. Nxd8 exf4 44. Bxb7 a4 45. Bc6 a3 46. bxa3 Bxa3 47.
Kh3 Kg7 48. Ne6+ Kf6 49. Nxf4 Bd6 50. Nd3 Kf5 51. Bf3 Be7 52. Bg4+ Ke4 53. Nf4
Ke5 54. Kg3 Kd4 55. Ne2+ Ke3 56. Ng1 Bd6+ 57. Kh3 Be7 58. Ne2 Bd6 59. Nc3 Kf4
60. Nd5+ Ke5 61. Ne3 Kf4 62. Nc4 Bc7 63. Bd1 h6 64. Bc2 Be5 65. Nd2 Bd6 66. Ne4
Be7 67. Ng3 Bb4 68. Nf5 Bf8 69. Bb1 Kf3 70. Nd4+ Ke3 71. Ne6 Be7 72. Kg4 Kf2 73.
h5 Ke3 74. Kf5 Kf3 75. Kg6 1-0

[Event "81st ch-ESP Rapid 2016"]
[Site "Linares ESP"]
[Date "2016.08.14"]
[Round "3.10"]
[White "Pardo Simon, David"]
[Black "Alonso Rosell, Alvar"]
[Result "0-1"]
[WhiteTitle "IM"]
[BlackTitle "GM"]
[WhiteElo "2492"]
[BlackElo "2524"]
[WhiteFideId "2296276"]
[BlackFideId "2270544"]
[EventDate "2016.08.14"]

1. d4 Nf6 2. c4 e6 3. Nc3 d5 4. cxd5 Nxd5 5. Nf3 c5 6. e4 Nxc3 7. bxc3 cxd4 8.
cxd4 Bb4+ 9. Bd2 Bxd2+ 10. Qxd2 O-O 11. Be2 b6 12. O-O Bb7 13. Qe3 Nd7 14. a4 a5
15. Rab1 Rc8 16. Rfc1 Qe7 17. h3 h6 18. Nd2 Rfd8 19. Nc4 Ba6 20. Bf1 Rc7 21.
Nxa5 Rxc1 22. Rxc1 bxa5 23. Bxa6 Qb4 24. Bb5 Nf6 25. Rd1 e5 26. d5 Nxe4 27. Qb6
Rd6 28. Qb8+ Kh7 29. Qe8 Qb3 30. Re1 Qc2 31. Rf1 Rxd5 32. Qxf7 Nf6 33. Qa7 Qd2
34. Qe3 Qxe3 35. fxe3 h5 36. Rc1 h4 37. Kf2 Rd2+ 38. Kf3 e4+ 39. Kf4 Rd5 40. Rc7
Kh6 0-1

[Event "81st ch-ESP Rapid 2016"]
[Site "Linares ESP"]
[Date "2016.08.14"]
[Round "3.11"]
[White "Asis Gargatagli, Hipolito"]
[Black "Diaz Velandia, Jose Manuel"]
[Result "0-1"]
[WhiteTitle "IM"]
[BlackTitle "FM"]
[WhiteElo "2487"]
[BlackElo "2343"]
[WhiteFideId "2260735"]
[BlackFideId "3901939"]
[EventDate "2016.08.14"]

1. e4 c6 2. d4 d5 3. Nd2 dxe4 4. Nxe4 Nf6 5. Ng3 h5 6. h3 h4 7. N3e2 Bf5 8. Nf3
Nbd7 9. c3 Be4 10. Ng5 e6 11. Nf4 Bf5 12. Bc4 Nd5 13. Nd3 Be7 14. Nf3 Bf6 15.
Bb3 Qe7 16. O-O g5 17. Nh2 Rg8 18. Ng4 O-O-O 19. Re1 Rg6 20. Qf3 Bxg4 21. Qxg4
Bh8 22. Ne5 Rgg8 23. Nxd7 Qxd7 24. Bd2 f5 25. Qe2 Rg6 26. Rad1 Rdg8 27. c4 Nc7
28. d5 exd5 29. cxd5 cxd5 30. Rc1 Bxb2 31. Rc2 Ba3 32. Qd3 Kb8 33. Rxc7 Qxc7 34.
Bxd5 Qd7 35. Rb1 Rd8 36. Qxa3 Qxd5 37. Be3 b6 38. Qe7 f4 39. Bc1 Re6 40. Qg7 Qf5 0-1

[Event "81st ch-ESP Rapid 2016"]
[Site "Linares ESP"]
[Date "2016.08.14"]
[Round "3.12"]
[White "Ladron De Guevara Pinto, Paolo"]
[Black "Forcen Esteban, Daniel"]
[Result "0-1"]
[WhiteTitle "FM"]
[BlackTitle "GM"]
[WhiteElo "2369"]
[BlackElo "2561"]
[WhiteFideId "2290847"]
[BlackFideId "2288230"]
[EventDate "2016.08.14"]

1. e4 c5 2. Nf3 d6 3. d4 cxd4 4. Nxd4 Nf6 5. Nc3 a6 6. h3 b5 7. g4 Bb7 8. Bg2
Nfd7 9. O-O e6 10. f4 Nb6 11. Nce2 Be7 12. g5 Nc6 13. c3 Qd7 14. b3 h6 15. Be3
hxg5 16. fxg5 Ne5 17. Nxe6 Qxe6 18. Nf4 Qd7 19. Bxb6 Bxg5 20. Bd4 Rh4 21. Nd5
Bxd5 22. exd5 Kf8 23. Qe1 Re8 24. Qg3 Bd8 25. b4 Rh6 26. Kh1 Kg8 27. Rae1 Bh4
28. Qe3 Bxe1 29. Rxe1 f6 30. Re2 Kf7 31. Qg3 Rh5 32. Rf2 Reh8 33. Kg1 R8h6 34.
Kf1 Qc8 35. Ke1 Rxh3 36. Bxh3 Rxh3 37. Qg2 Nd3+ 38. Kd2 Nxf2 39. Qxf2 Qg4 40.
Bxf6 gxf6 0-1

[Event "81st ch-ESP Rapid 2016"]
[Site "Linares ESP"]
[Date "2016.08.14"]
[Round "3.13"]
[White "Huerga Leache, Mikel"]
[Black "Perera Borrego, Mariela"]
[Result "1-0"]
[WhiteTitle "IM"]
[BlackTitle "WFM"]
[WhiteElo "2455"]
[BlackElo "2157"]
[WhiteFideId "2268795"]
[BlackFideId "22238255"]
[EventDate "2016.08.14"]

1. e4 d6 2. d4 Nf6 3. Nc3 e5 4. dxe5 dxe5 5. Qxd8+ Kxd8 6. Bg5 Be7 7. f4 h6 8.
O-O-O+ Nbd7 9. Bxf6 gxf6 10. fxe5 fxe5 11. Nf3 Ke8 12. Bc4 c6 13. Rhf1 Rh7 14.
a4 Rg7 15. Ne2 a6 16. Ng3 b5 17. Ba2 f6 18. Nh4 Nc5 19. Nhf5 Bxf5 20. Nxf5 Rxg2
21. Rg1 Rxg1 22. Rxg1 Nxe4 23. Rg7 Bf8 24. Rc7 Nd6 25. Nh4 Kd8 26. Rh7 Nc8 27.
Rh8 bxa4 28. Rxf8+ Ke7 29. Ng6+ Kd6 30. Rxf6+ Kc5 31. Nxe5 Ne7 32. Nd7+ Kb5 33.
Re6 Nd5 34. c4+ 1-0

[Event "81st ch-ESP Rapid 2016"]
[Site "Linares ESP"]
[Date "2016.08.14"]
[Round "3.14"]
[White "Fernandez Borrego, Pablo"]
[Black "Suarez Garcia, Carlos"]
[Result "0-1"]
[WhiteTitle "FM"]
[BlackTitle "FM"]
[WhiteElo "2430"]
[BlackElo "2426"]
[WhiteFideId "2258285"]
[BlackFideId "22230858"]
[EventDate "2016.08.14"]

1. e4 e6 2. d4 d5 3. Nc3 Bb4 4. e5 c5 5. Bd2 Nh6 6. Bxh6 gxh6 7. Nf3 Nc6 8. a3
Ba5 9. Bb5 Bxc3+ 10. bxc3 Qa5 11. Qd3 Bd7 12. dxc5 Nxe5 13. Nxe5 Bxb5 14. Qf3
Qc7 15. Qf6 Rg8 16. c4 Bxc4 17. Nxc4 dxc4 18. O-O Qe7 19. Qd4 Rg5 20. c6 bxc6
21. Rfd1 Kf8 22. Qh8+ Rg8 23. Qxh7 Qg5 24. g3 Rg6 25. Rd4 c5 26. Rd8+ Rxd8 27.
Kg2 c3 28. Kf3 Ke8 29. Ke4 0-1

[Event "81st ch-ESP Rapid 2016"]
[Site "Linares ESP"]
[Date "2016.08.14"]
[Round "3.15"]
[White "Narciso Dublan, Marc"]
[Black "Rubio Tent, Francisco"]
[Result "0-1"]
[WhiteTitle "GM"]
[WhiteElo "2482"]
[BlackElo "2199"]
[WhiteFideId "2201500"]
[BlackFideId "2238233"]
[EventDate "2016.08.14"]

1. d4 d5 2. c4 c6 3. Nf3 Nf6 4. e3 a6 5. Bd3 Bg4 6. Qb3 Bxf3 7. gxf3 Qc7 8. Nc3
e6 9. Bd2 Nbd7 10. O-O-O g6 11. cxd5 cxd5 12. Kb1 Bg7 13. Rc1 Qb6 14. Qa3 Bf8
15. Qa4 Bg7 16. e4 dxe4 17. fxe4 Ng4 18. Be3 Nxe3 19. fxe3 Rd8 20. e5 O-O 21.
Be4 f6 22. exf6 Nxf6 23. Bf3 Ne8 24. Bg4 e5 25. dxe5 Rd2 26. Rc2 Rxc2 27. Qxc2
Bxe5 28. Nd5 Qb5 29. Be2 Qd7 30. Rd1 Nd6 31. h4 Kg7 32. e4 Rf2 33. h5 Qc6 34.
Qd3 Qb5 35. Qxb5 Nxb5 36. Bxb5 Rxb2+ 37. Kc1 Rxb5 38. hxg6 hxg6 39. Rg1 Rc5+ 40.
Kb1 Rc4 41. Rg4 Kf7 42. Rh4 b5 43. a3 Ra4 44. Rh7+ Bg7 45. e5 Rxa3 46. Nc7 Kg8
47. Rh4 Bxe5 48. Nd5 Kg7 49. Rg4 Rg3 50. Re4 Bf6 51. Re6 Rg1+ 52. Kc2 Rf1 53.
Rxa6 g5 54. Kd3 Rd1+ 55. Ke4 Rd4+ 56. Kf5 Rxd5+ 57. Kg4 b4 58. Rb6 Rd4+ 59. Kf5
Rf4+ 60. Ke6 g4 61. Rb7+ Kg6 62. Rb8 Re4+ 63. Kd5 Re5+ 64. Kc4 Re4+ 65. Kd3 Rd4+
66. Ke3 g3 67. Kf3 Kf5 68. Rb5+ Be5 69. Kg2 Kf4 70. Kh3 Bd6 71. Rb7 Rd3 72. Rf7+
Ke4 73. Rb7 Ke5 0-1

[Event "81st ch-ESP Rapid 2016"]
[Site "Linares ESP"]
[Date "2016.08.14"]
[Round "3.16"]
[White "Vega Gutierrez, Sabrina"]
[Black "Aranda Marin, Cristian"]
[Result "1/2-1/2"]
[WhiteTitle "IM"]
[BlackTitle "FM"]
[WhiteElo "2408"]
[BlackElo "2350"]
[WhiteFideId "2219026"]
[BlackFideId "2205513"]
[EventDate "2016.08.14"]

1. e4 c5 2. Nf3 d6 3. d4 cxd4 4. Qxd4 e5 5. Qd3 h6 6. c4 Nf6 7. Nc3 Be7 8. Be2
O-O 9. O-O Na6 10. Rd1 Be6 11. b3 Nc5 12. Qc2 Qb6 13. h3 Qc6 14. Nd2 Ncd7 15.
Nf1 a6 16. a4 Nc5 17. Bf3 Nh7 18. g4 h5 19. Ne3 hxg4 20. hxg4 g6 21. Ned5 Bd8
22. Bh6 Re8 23. Kg2 Qc8 24. Ne3 Bg5 25. Bxg5 Nxg5 26. Ncd5 Qd8 27. b4 Nd7 28.
Be2 Bxd5 29. Nxd5 Nf6 30. c5 dxc5 31. bxc5 Ne6 32. Nb6 Nd4 33. Qd3 Rb8 34. Qh3
Kg7 35. Bc4 Rh8 36. Qg3 Qe7 37. Rh1 Nh7 38. f4 exf4 39. Qxf4 Ng5 40. e5 Nde6 41.
Qf6+ Qxf6 42. exf6+ Kxf6 43. Nd7+ Ke7 44. Nxb8 Rxb8 45. c6 bxc6 46. Rab1 Rxb1
47. Rxb1 a5 48. Rb7+ Kd6 49. Ra7 f5 50. gxf5 gxf5 51. Rxa5 Nc5 52. Ra8 f4 53. a5
f3+ 54. Kf1 Nge4 55. Rd8+ Kc7 56. Rd4 Nd6 57. Bd3 Nb5 58. Bxb5 cxb5 59. Kf2 Nb3
60. Rb4 Nxa5 61. Rxb5 Nc6 62. Rd5 Nb4 63. Rd4 Nc6 64. Re4 Kd6 65. Kxf3 Kd5 66.
Ra4 Ne5+ 67. Kf4 Nd3+ 68. Ke3 Nc5 69. Ra5 Kc4 70. Ra8 Kd5 71. Rd8+ Ke5 72. Rc8 1/2-1/2

[Event "81st ch-ESP Rapid 2016"]
[Site "Linares ESP"]
[Date "2016.08.14"]
[Round "3.17"]
[White "Garcia Molina, Francisco Miguel"]
[Black "Ljubojevic, Ljubomir"]
[Result "1/2-1/2"]
[BlackTitle "GM"]
[WhiteElo "2166"]
[BlackElo "2571"]
[WhiteFideId "2278219"]
[BlackFideId "900010"]
[EventDate "2016.08.14"]

1. d4 Nf6 2. Nf3 b5 3. e3 a6 4. c4 bxc4 5. Bxc4 e6 6. O-O Bb7 7. Nc3 d5 8. Bd3
Nbd7 9. b3 Bb4 10. Bb2 Qe7 11. Na4 O-O 12. a3 Bd6 13. b4 Bc6 14. Nc5 Bb5 15. a4
Bxd3 16. Qxd3 Nb6 17. Nd2 a5 18. b5 Rfc8 19. Rfc1 h5 20. Na6 Nbd7 21. Bc3 c5 22.
Bxa5 c4 23. Qe2 e5 24. Bc3 e4 25. Nf1 h4 26. Rcb1 h3 27. g3 Qe6 28. a5 Nh7 29.
Nb4 Ng5 30. Nc2 Rcb8 31. Ne1 Nf6 32. a6 Bc7 33. Rb2 Bb6 34. Rab1 Qd7 35. Ra1 Ne8
36. Qh5 Qf5 37. Qe2 Nc7 38. Rab1 Re8 39. Nd2 Re6 40. Ra1 Rf6 41. Nf1 Qd7 42.
Rab1 Rb8 43. Qd1 Ba7 44. Ba5 Bb6 45. Bc3 Qe8 46. Nd2 Qd7 47. Nf1 Qf5 48. Qe2 Qd7
49. Qd1 Qf5 50. Qe2 Qd7 51. Qd1 Ba7 52. Ba5 1/2-1/2

[Event "81st ch-ESP Rapid 2016"]
[Site "Linares ESP"]
[Date "2016.08.14"]
[Round "3.18"]
[White "Sanchez Aller, Fernando"]
[Black "Pazos Porta, Antonio"]
[Result "0-1"]
[WhiteTitle "FM"]
[BlackTitle "FM"]
[WhiteElo "2281"]
[BlackElo "2338"]
[WhiteFideId "2222892"]
[BlackFideId "2263190"]
[EventDate "2016.08.14"]

1. e4 e6 2. d4 d5 3. Nc3 Nf6 4. Bg5 Bb4 5. e5 h6 6. Bc1 Ne4 7. Qg4 Kf8 8. a3
Bxc3+ 9. bxc3 c5 10. Ne2 cxd4 11. cxd4 Qa5+ 12. c3 Bd7 13. f3 Bb5 14. fxe4 Bxe2
15. Qh3 Bxf1 16. Rxf1 Nc6 17. Bd2 Re8 18. Qd3 Kg8 19. Rb1 dxe4 20. Qxe4 Qc7 21.
Rf3 b6 22. Kf2 Na5 23. Rf1 Qc6 24. Qg4 Nc4 25. Bc1 Rh7 26. Kg1 Re7 27. Qh5 Qe8
28. Qh4 b5 29. Qe4 Nb6 30. a4 bxa4 31. Ba3 Rd7 32. Qc6 g6 33. Bc5 Rd8 34. Qe4
Nc4 35. Qd3 Nxe5 36. dxe5 Rxd3 37. Rxd3 Rh8 38. Rb1 Qc8 39. Be7 Kh7 40. Rf3 Re8
41. Bd6 Qd7 42. c4 Rc8 43. c5 Kg7 44. Rbf1 a5 45. h4 h5 46. Kh2 Ra8 47. c6 Qe8
48. c7 Rc8 49. Rb1 Qc6 50. Rb8 Rh8 0-1

[Event "81st ch-ESP Rapid 2016"]
[Site "Linares ESP"]
[Date "2016.08.14"]
[Round "3.19"]
[White "Guadamuro Torrente, Anabel"]
[Black "Andres Gonzalez, Alberto"]
[Result "0-1"]
[WhiteTitle "WFM"]
[BlackTitle "IM"]
[WhiteElo "2150"]
[BlackElo "2512"]
[WhiteFideId "2266296"]
[BlackFideId "2212595"]
[EventDate "2016.08.14"]

1. e4 d5 2. exd5 Qxd5 3. Nc3 Qd6 4. d4 Nf6 5. Bg5 a6 6. Nf3 Bg4 7. Be2 Nc6 8. d5
Bxf3 9. Bxf3 Qe5+ 10. Be3 O-O-O 11. Qe2 Nd4 12. Bxd4 Qxd4 13. O-O h5 14. Rfd1
Qf4 15. Qe3 Qxe3 16. fxe3 g6 17. e4 Nd7 18. Ne2 Bg7 19. c3 Ne5 20. Nd4 Nc4 21.
b3 Ne5 22. Rac1 Rhe8 23. c4 e6 24. c5 exd5 25. exd5 Bh6 26. Rc3 Ng4 27. Bxg4+
hxg4 28. Nc2 Re5 29. Rcd3 Re2 30. Nd4 Rxa2 31. c6 Rxd5 32. cxb7+ Kxb7 33. b4 Rb2
34. Nb3 Be3+ 35. Kf1 Rf5+ 36. Ke1 Bf2+ 37. Kf1 Bc5+ 38. Ke1 Bxb4+ 39. Nd2 a5 40.
Rd4 Rf6 41. Rxg4 Re6+ 0-1

[Event "81st ch-ESP Rapid 2016"]
[Site "Linares ESP"]
[Date "2016.08.14"]
[Round "3.20"]
[White "Valmana Canto, Jaime"]
[Black "Cuesta Bustos, Raul"]
[Result "1-0"]
[WhiteTitle "FM"]
[WhiteElo "2389"]
[BlackElo "2113"]
[WhiteFideId "2268990"]
[BlackFideId "2221446"]
[EventDate "2016.08.14"]

1. Nf3 Nf6 2. g3 e6 3. Bg2 d5 4. O-O Be7 5. c4 c6 6. b3 O-O 7. Bb2 b6 8. d3 Bb7
9. Nbd2 Na6 10. e4 Nb4 11. Ne5 c5 12. a3 Na6 13. Qe2 Qc7 14. f4 Rad8 15. Nef3
Rfe8 16. e5 Nd7 17. h4 Qb8 18. Ng5 h6 19. Nxf7 Kxf7 20. cxd5 Bxd5 21. Bxd5 exd5
22. e6+ Kg8 23. exd7 Rxd7 24. Qe6+ Kf8 1-0

[Event "81st ch-ESP Rapid 2016"]
[Site "Linares ESP"]
[Date "2016.08.14"]
[Round "3.21"]
[White "Suarez Uriel, Adrian"]
[Black "Barrios Munoz, Rafael Carlos"]
[Result "1-0"]
[WhiteTitle "FM"]
[WhiteElo "2311"]
[BlackElo "2026"]
[WhiteFideId "22230874"]
[BlackFideId "2221136"]
[EventDate "2016.08.14"]

1. e4 e5 2. Nf3 Nc6 3. Bc4 Nf6 4. d3 Bc5 5. c3 d6 6. O-O Bb6 7. a4 a6 8. Na3 O-O
9. Nc2 Be6 10. Qe2 Bxc4 11. dxc4 Nd7 12. b4 a5 13. Rd1 Qe7 14. c5 dxc5 15. b5
Nd4 16. cxd4 cxd4 17. Qc4 Qf6 18. Nce1 Qg6 19. Qd5 Rad8 20. Ba3 Rfe8 21. Nd3 c6
22. bxc6 bxc6 23. Qb3 Bc7 24. Re1 Rb8 25. Qc2 Bb6 26. Rac1 c5 27. Qa2 Qc6 28.
Rc4 Qe6 29. Qc2 h6 30. Bxc5 Nxc5 31. Nxc5 Bxc5 32. Rxc5 Rec8 33. Rc1 Rxc5 34.
Qxc5 f6 35. Qxa5 Kh7 36. h4 Qg4 37. Qe1 Rb3 38. Qd1 Ra3 39. Ra1 Rxa1 40. Qxa1
Qxe4 41. a5 d3 42. a6 Qa8 43. Nd2 e4 44. a7 f5 45. Qa5 Kg6 46. Qb6+ Kh5 47. g3
Qc8 48. Kg2 Qc3 49. a8=Q 1-0

[Event "81st ch-ESP Rapid 2016"]
[Site "Linares ESP"]
[Date "2016.08.14"]
[Round "3.22"]
[White "Mejuto De Ulloa, Jorge"]
[Black "Montoliu Cervero, Francisco"]
[Result "0-1"]
[BlackTitle "FM"]
[WhiteElo "2122"]
[BlackElo "2346"]
[WhiteFideId "2288370"]
[BlackFideId "2214814"]
[EventDate "2016.08.14"]

1. Nc3 d5 2. d4 Nf6 3. Bf4 c6 4. f3 Bf5 5. Qd2 e6 6. e3 Nbd7 7. Nge2 h5 8. h4
Be7 9. O-O-O b5 10. Ng3 Bg6 11. e4 b4 12. Nce2 dxe4 13. Bg5 exf3 14. Nf4 Ne4 15.
Nxe4 Bxe4 16. Bxe7 Qxe7 17. Re1 Nf6 18. gxf3 Bxf3 19. Bg2 Bxg2 20. Qxg2 Qd6 21.
Nxe6 fxe6 22. Qxg7 Rf8 23. Rhf1 Qe7 24. Qg6+ Kd7 25. Rf2 Nd5 26. Rxf8 Rxf8 27.
Qxh5 Qf6 28. Qe2 Rh8 29. h5 Rh6 30. Qc4 Rxh5 31. Rf1 Qh6+ 32. Kb1 Rh1 0-1

[Event "81st ch-ESP Rapid 2016"]
[Site "Linares ESP"]
[Date "2016.08.14"]
[Round "3.23"]
[White "Blanco Acevedo, Cristobal Jose"]
[Black "Suarez Triguero, Jose Alfonso"]
[Result "0-1"]
[WhiteTitle "IM"]
[WhiteElo "2346"]
[BlackElo "2100"]
[WhiteFideId "3900525"]
[BlackFideId "2231204"]
[EventDate "2016.08.14"]

1. e4 Nf6 2. e5 Ng8 3. Nf3 d6 4. d4 Bg4 5. h3 Bh5 6. Nbd2 dxe5 7. dxe5 e6 8.
Bb5+ Nc6 9. O-O Ne7 10. c4 a6 11. Ba4 Bg6 12. b4 Nf5 13. a3 Be7 14. g4 Nd4 15.
Bb2 O-O 16. b5 axb5 17. Bxb5 Bc2 18. Qe1 Bd3 19. Qe3 Nc2 20. Qf4 Nxa1 21. Rxa1
h6 22. Qe3 Bg6 23. Ne4 Na5 24. c5 Nb3 25. Re1 Bxe4 26. Qxe4 Nxc5 27. Qe3 c6 28.
Be2 Na4 29. Bc1 Bg5 30. Nxg5 Qxg5 31. f4 Qe7 32. Bd3 Qc5 33. f5 Rfd8 34. Qxc5
Nxc5 35. Bc4 Nd3 36. Bxd3 Rxd3 37. f6 Rxh3 38. Kg2 Rhxa3 39. Bxa3 Rxa3 40. Rd1
gxf6 41. exf6 Kh7 42. Rd7 Kg6 43. Rxb7 Rc3 44. Rb8 Kxf6 45. Rh8 Kg7 46. Rc8 c5
47. Kf2 c4 48. Ke2 Kf6 49. Kd2 Rg3 50. Rxc4 Kg5 51. Rc7 Kf6 52. Rc4 Kg5 53. Rc7
Rf3 54. Ke2 Rf4 55. Ke3 Kxg4 56. Rc2 Rf5 57. Rg2+ Kh5 58. Rg7 f6 59. Ke4 Rg5 60.
Rf7 Kg6 61. Re7 e5 62. Re8 Kf7 63. Rh8 Rg4+ 64. Kf3 Rf4+ 65. Kg3 Kg6 66. Rg8+
Kf5 67. Rh8 e4 68. Rxh6 Rf3+ 69. Kg2 Ra3 70. Rh5+ Ke6 71. Rb5 f5 72. Rb6+ Ke5
73. Rb5+ Kf4 74. Rb8 Ra2+ 75. Kf1 Kf3 76. Ke1 e3 77. Rb1 Rh2 0-1

[Event "81st ch-ESP Rapid 2016"]
[Site "Linares ESP"]
[Date "2016.08.14"]
[Round "3.24"]
[White "Orosa Martinez, Victor"]
[Black "Meneses Gonzalez, Kevin Moises"]
[Result "0-1"]
[BlackTitle "FM"]
[WhiteElo "2085"]
[BlackElo "2337"]
[WhiteFideId "2293129"]
[BlackFideId "2284502"]
[EventDate "2016.08.14"]

1. d4 Nf6 2. Bg5 Ne4 3. Bf4 c5 4. d5 Qb6 5. Nd2 Nxd2 6. Bxd2 Qxb2 7. e4 d6 8.
Nf3 Nd7 9. Rb1 Qxa2 10. Bc3 Qa4 11. Ng5 c4 12. Qh5 g6 13. Qf3 f6 14. Ne6 Kf7 15.
g4 Ne5 16. Qg3 Qxc2 17. Rd1 Qxe4+ 18. Kd2 Qxd5+ 19. Kc2 Qxe6 20. Bg2 Qxg4 21.
Bxe5 dxe5 22. Bd5+ Kg7 0-1

[Event "81st ch-ESP Rapid 2016"]
[Site "Linares ESP"]
[Date "2016.08.14"]
[Round "3.25"]
[White "Tejedor Fuente, Enrique"]
[Black "Somalo Fernandez, Millan"]
[Result "1-0"]
[WhiteTitle "FM"]
[WhiteElo "2377"]
[BlackElo "2064"]
[WhiteFideId "2299100"]
[BlackFideId "2229048"]
[EventDate "2016.08.14"]

1. d4 f5 2. Nf3 g6 3. g3 Nf6 4. Bg2 Bg7 5. O-O O-O 6. c4 d6 7. b3 Ne4 8. Bb2 Nc6
9. Nfd2 Nxd2 10. Qxd2 e5 11. dxe5 dxe5 12. Rd1 Qxd2 13. Rxd2 Be6 14. Bxc6 bxc6
15. Nc3 e4 16. Na4 Bxb2 17. Nxb2 Rad8 18. Rad1 Rxd2 19. Rxd2 Kf7 20. f3 exf3 21.
exf3 Ke7 22. Kf2 Rd8 23. Rxd8 Kxd8 24. Ke3 Ke7 25. Kd4 Kd6 26. Nd3 a5 27. a3 Bc8
28. h4 Bb7 29. Nc5 Bc8 30. Nd3 Bb7 31. f4 Bc8 32. Nc5 h6 33. Nd3 Bd7 34. c5+ Ke6
35. Ne5 Be8 36. a4 Ke7 37. Nc4 Kf6 38. Nxa5 g5 39. hxg5+ hxg5 40. Nc4 gxf4 41.
gxf4 Bd7 42. Ne5 1-0

[Event "81st ch-ESP Rapid 2016"]
[Site "Linares ESP"]
[Date "2016.08.14"]
[Round "3.26"]
[White "Ortega Lopez, Mikel"]
[Black "Almagro Mazariegos, Sebastian"]
[Result "0-1"]
[WhiteTitle "FM"]
[BlackTitle "FM"]
[WhiteElo "2299"]
[BlackElo "2303"]
[WhiteFideId "22252878"]
[BlackFideId "2221640"]
[EventDate "2016.08.14"]

1. e4 c5 2. Nf3 d6 3. d4 cxd4 4. Nxd4 Nf6 5. Nc3 a6 6. Be3 e5 7. Nb3 Be6 8. f4
Qc7 9. f5 Bc4 10. Bxc4 Qxc4 11. Qf3 Nbd7 12. g4 h6 13. h4 d5 14. Nd2 dxe4 15.
Qg2 Qc6 16. Ndxe4 Bb4 17. Nxf6+ Nxf6 18. Qxc6+ bxc6 19. Rg1 Ne4 20. O-O-O Bxc3
21. bxc3 Nxc3 22. Rde1 f6 23. a3 Kf7 24. g5 hxg5 25. hxg5 Rh2 26. g6+ Kg8 27.
Rg4 Rb8 28. Rb4 Na2+ 0-1

[Event "81st ch-ESP Rapid 2016"]
[Site "Linares ESP"]
[Date "2016.08.14"]
[Round "3.27"]
[White "Jimenez Martinez, Jose Vicente"]
[Black "Iglesias Valle, Julian"]
[Result "0-1"]
[WhiteTitle "FM"]
[WhiteElo "2329"]
[BlackElo "2073"]
[WhiteFideId "2264021"]
[BlackFideId "2215802"]
[EventDate "2016.08.14"]

1. d4 Nf6 2. c4 e6 3. Nc3 Bb4 4. Qc2 O-O 5. a3 Bxc3+ 6. Qxc3 d6 7. Nf3 Qe7 8. g3
Nbd7 9. Bg2 e5 10. dxe5 dxe5 11. O-O a5 12. b3 c6 13. Bb2 Re8 14. Rfd1 Ne4 15.
Qc2 Ng5 16. Nd2 h5 17. h4 Nh7 18. Ne4 Nhf6 19. Nd6 Rf8 20. Nf5 Qe8 21. Nd6 Qe6
22. c5 Nd5 23. e4 Nc7 24. a4 Na6 25. Ba3 Nf6 26. Nf5 Ne8 27. Bh3 Qf6 28. Bf1
Bxf5 29. exf5 Qe7 30. Rd2 Nf6 31. Rad1 Rfd8 32. Bxa6 Rxd2 33. Qxd2 bxa6 34. Qxa5
Nd5 35. Qe1 Rb8 36. b4 e4 37. Rd4 Re8 38. b5 axb5 39. axb5 e3 40. bxc6 exf2+ 41.
Qxf2 Ne3 42. Rd7 Qe4 43. c7 Qb1+ 44. Kh2 Ng4+ 45. Kg2 Qe4+ 46. Kg1 Nxf2 47. Rd8
Ng4 48. c8=Q Qe1+ 49. Kg2 Qf2+ 0-1